| 000 | 00770nam a2200277 a 4500 | ||
|---|---|---|---|
| 001 | 000111740 | ||
| 003 | CHAP | ||
| 005 | 20220329144227.0 | ||
| 008 | 150723s2011 mx |r| ||||||spa d | ||
| 010 | _a108201 | ||
| 011 | _a109173 | ||
| 020 | _a9786074142495 | ||
| 040 | _cCHAP | ||
| 082 | 0 | 4 |
_a337 _bH81 |
| 245 | 0 | 1 |
_aHorizontes de la vuelta de siglo / _ccoordinado por Luis Arizmendi. |
| 260 |
_aMéxico, D. F. : _bIPN, _c2011. |
||
| 300 | _a205 p. | ||
| 590 |
_aE11695DGD _b10 _c20150724 _lUCH01 _h1003 |
||
| 590 |
_aE5765TAJ _b05 _c20150723 _lUCH01 _h1217 |
||
| 650 | 1 | 4 |
_aEconomía ambiental. _935258 |
| 650 | 1 | 4 |
_aGlobalización _xAspectos ambientales. _9129691 |
| 700 | 1 |
_aArizmendi, Luis _ecoord. _9129689 |
|
| 901 | _aBK | ||
| 942 | _cLIBRO | ||
| 942 | _n0 | ||
| 999 |
_c108201 _d108201 |
||